00574nam a2200193Ia 450000500170000000800410001702000180005804000190007604100120009508200150010710000230012224500520014526000360019730000170023350400340025065000580028465100280034285000100037020230712151138.0131103s9999 xx 000 0 und d aSBN 210339888 aLoreto College aEnglish a572.9bROY aRoy, Sarat Chandra 4aThe Mundas and their countrycSarat Chandra Roy aNew YorkbAsia Publishingc1970 axvi, 391 p.  aIncludes appendices and index aMunda - Indigenous racial, ethnic and national groups aCulture and institution aLCLIB